000 00586nam a2200169 a 4500
008 120416s1984 ||||||||||||||||| || u
020 _a0070449449
050 _aHB 171.5 Mac
100 _aMcConnell, Campbell R
245 1 0 _aEconomics: principles, problems and policies. (9th ed.)
250 _a9th ed.
260 _aNew York:
_bMcGraw-Hill
_c1984
300 _axxxi, 850p. : ill.
350 _a0.00
650 0 _aECONOMICS
995 _D0.00
_FCBU-MAIN LIBRARY (Kitwe)
_H1
_I40.00
_UAVAILABLE
_ZMain Library Open Access Collection
999 _c41077
_d41077